computer science:applications generation - Statistics

General Stats
  • This quiz has been taken 102 times
  • The average score is 5 of 20
Answer Stats
Hint Answer % Correct
what base is the above stored as? binary
78%
what is a very low level language called? machine code
75%
what is a low level language called? assembly
67%
does this language have a direct 1:1 relation to the very low level language? yes
64%
which version of the above converts whole code into one file? compiler
32%
which version converts each line one at a time? interpreter
22%
what is a downside of humans using this type of code? difficult
17%
what is a program called that convert high level code to low level? translator
17%
which translator converts assembly language into machine code? assembler
15%
what then connects library code to the code above, if libraries were used? linker
14%
what is a disadvantage of high level compared to low level? speed
10%
what are the commands called in this language? mnemonics
9%
what is a high level language called? source code
9%
what is a disadvantage of converting code one line at a time? speed
6%
what is a benefit of the above? portability
5%
what is intermediate code that has been partially translated by an interpreter called? bytecode
4%
what is an advantage of the above code? portability
2%
what is a benefit of the above? testing
2%
what type of code is the high level code from a program converted into? object code
1%
where is this code often used? virtual machines
1%
No matching quizzes found
Score Distribution
Percent of People with Each Score
Percentile by Number Answered
Your Score History
You have not taken this quiz